000 00474nam a2200193Ia 4500
003 GCL
008 140319s9999 xx 000 0 eng d
040 _aGCL /
_cGCL
082 0 4 _a759.32
_bS L
100 1 _aMEKHITARIAN, ARPAG
245 1 0 _aLA PEINTURE EGYPTIENNE /
_cMEKHITARIAN, ARPAG
260 _a[S.N] :
_bSKIRA ،
_c1978
300 _a164
650 0 4 _aART - EGYPT
650 0 4 _aANCIENT EGYPTIAN ART
650 0 4 _aARTS
650 0 4 _aPAINTING
942 _2ddc
_cBK
999 _c16971
_d16971